Khai thác, ứng dụng Adobe Flash VBA trong dạy học số và truyền thông
Sách gồm 2 phần: Khai thác, ứng dụng Adobe Flash trong dạy học số và truyền thông; khai thác, ứng dụng VBA trong dạy học số và truyền thông.
Spremljeno u:
| Glavni autor: | |
|---|---|
| Format: | Knjiga |
| Jezik: | Undetermined |
| Izdano: |
Hà Nội
Thanh niên
2018
|
| Teme: | |
| Oznake: |
Dodaj oznaku
Bez oznaka, Budi prvi tko označuje ovaj zapis!
|
| Thư viện lưu trữ: | Trung tâm Học liệu Trường Đại học Cần Thơ |
|---|
| LEADER | 00907nam a2200217Ia 4500 | ||
|---|---|---|---|
| 001 | CTU_226975 | ||
| 008 | 210402s9999 xx 000 0 und d | ||
| 020 | |c 105000 | ||
| 082 | |a 005.3 | ||
| 082 | |b H523 | ||
| 100 | |a Phạm, Quang Huy | ||
| 245 | 0 | |a Khai thác, ứng dụng Adobe Flash VBA trong dạy học số và truyền thông | |
| 245 | 0 | |c Phạm Quang Huy, Vũ Trọng Luật, Lê Thị Hồng Nhung | |
| 260 | |a Hà Nội | ||
| 260 | |b Thanh niên | ||
| 260 | |c 2018 | ||
| 520 | |a Sách gồm 2 phần: Khai thác, ứng dụng Adobe Flash trong dạy học số và truyền thông; khai thác, ứng dụng VBA trong dạy học số và truyền thông. | ||
| 650 | |a Phần mềm ứng dụng,Application software | ||
| 650 | |x Phát triển,Development | ||
| 910 | |b nthai | ||
| 980 | |a Trung tâm Học liệu Trường Đại học Cần Thơ | ||